| 000 | 01513nam2a22003131 4500 | ||
|---|---|---|---|
| 001 | rc\4935951 | ||
| 005 | 20250613043123.0 | ||
| 021 |
_aRU _b[62-28436] |
||
| 035 | _a(NLR Aleph) 008947564 | ||
| 090 |
_a8982721 _c8982721 |
||
| 100 | _a20130426d1962 |||y0rusy50 ca | ||
| 101 | 0 | _arus | |
| 102 | _aRU | ||
| 105 | _aa z ||||| | ||
| 200 | 0 |
_aТ. 3 _f[Авт.: В.Л. Агамиров, канд. техн. наук, А.В. Амельянчик, инж., Л.Е. Андреева, канд. техн. наук и др.] _gПод ред. акад. С.В. Серенсена _gРед. совет: Н.С. Ачеркан, проф. д-р техн. наук [и др.] |
|
| 210 |
_d1962 _aБ. м. |
||
| 215 |
_a651 с. _cчерт. |
||
| 320 | _aБиблиогр. в конце глав | ||
| 461 | 0 |
_1001rc\4935948 _12001#$aСправочник машиностроителя$eВ 6 т.$fРед. совет: Н.С. Ачеркан [и др.]$vТ. 3 _98982705 _cМосква _d1960 _e3-е изд., испр. и доп. Т. 1- _fРед. совет: Н.С. Ачеркан [и др.] _nМашгиз _oВ 6 т. _tСправочник машиностроителя _vТ. 3 |
|
| 701 | 1 |
_aАндреева _bЛ.Е. |
|
| 701 | 1 |
_aАгамиров _bВ.Л. |
|
| 701 | 1 |
_aАмельянчик _bА.В. |
|
| 702 | 1 |
_aСеренсен _bС.В. _4340 |
|
| 702 | 1 |
_aАчеркан _bН.С. _gНаум Самойлович _4340 |
|
| 801 | 0 |
_aRU _bNLR _gpsbo |
|
| 801 | 1 |
_aRU _bELAR _2rusmarc |
|
| 852 |
_aNLR _j60-5/3008 |
||
| 942 | _cBOOK | ||
| 980 | _aNB | ||